El campo en disputa: discontinuidades, postautonomías e indisciplinas de la comunicación y la cultura
Salvato in:
| Autori principali: | , |
|---|---|
| Natura: | Libro |
| Lingua: | spagnolo |
| Pubblicazione: |
Santiago
Ril Editores
2014
|
| Edizione: | 1a. ed |
| Serie: | Bibliodiversidad
|
| Soggetti: | |
| Tags: |
Aggiungi Tag
Nessun Tag, puoi essere il primo ad aggiungerne!!
|
MARC
| LEADER | 00000cam a2200000 a 4500 | ||
|---|---|---|---|
| 001 | UCE5774 | ||
| 003 | CL-VaPUC | ||
| 008 | 150305e20140900cl |||||||||||||||||spa|d | ||
| 020 | |a 9789560100917 | ||
| 082 | 0 | 4 | |a 306 |b SIL |2 21 |
| 100 | 0 | |a Silva Echeto, Víctor |e author |9 578449 | |
| 700 | 0 | |a Browne Sartori, Rodrigo |e author |9 578450 | |
| 245 | 1 | 3 | |a El campo en disputa: discontinuidades, postautonomías e indisciplinas de la comunicación y la cultura |
| 250 | |a 1a. ed | ||
| 300 | |a 129 p | ||
| 942 | |c BK | ||
| 945 | |d 20150305 12:52:00 |a arojas | ||
| 260 | |a Santiago |b Ril Editores |c 2014 | ||
| 650 | 0 | |a Comunicación |9 257251 | |
| 650 | 0 | |a Cultura |9 269059 | |
| 650 | 7 | |a TECNOLOGIA DE LAS COMUNICACIONES |2 CL-VaPUC |9 338274 | |
| 650 | 0 | |a Modernidad |9 265371 | |
| 583 | |a last modification |c 20150305 12:52:00 |k Rodrigo Vera | ||
| 490 | 0 | |a Bibliodiversidad | |
| 999 | |c 358379 |d 358377 | ||
| 952 | |0 0 |1 0 |3 erb |4 0 |6 306_000000000000000_SIL_2014 |7 0 |8 A |9 467044 |a BIBCUR |b BIBCUR |i 5137667 |o 306 SIL 2014 |p 5137667 |r 2025-04-22 |w 2019-11-23 |y BK |z Catalogado en:20150305 |k PER | ||